La teoría del bien jurídico. ¿Fundamento de legitimación del Derecho Penal o juego de abalorios dogmático?
Na minha lista:
| Principais autores: | , , |
|---|---|
| Formato: | Livro |
| Idioma: | espanhol |
| Publicado em: |
Madrid, España
Marcial Pons
2016
|
| coleção: | Derecho Penal y Criminología
|
| Assuntos: | |
| Tags: |
Adicionar Tag
Sem tags, seja o primeiro a adicionar uma tag!
|
MARC
| LEADER | 00000cam a2200000 a 4500 | ||
|---|---|---|---|
| 001 | UCC7925 | ||
| 003 | CL-VaPUC | ||
| 005 | 20211124103452.0 | ||
| 008 | 190520e20160000sp |||||||||||||||||spa|d | ||
| 999 | |c 374438 |d 374436 | ||
| 020 | |a 9788491230694 | ||
| 040 | |c Pontificia Universidad Católica de Valparaíso | ||
| 082 | 0 | 4 | |a 345.001 HEF 2016 |2 21 |
| 100 | 0 | |a Hefendehl, Roland |e author |9 602676 | |
| 245 | 1 | 3 | |a La teoría del bien jurídico. |b ¿Fundamento de legitimación del Derecho Penal o juego de abalorios dogmático? |
| 260 | |a Madrid, España |b Marcial Pons |c 2016 | ||
| 300 | |a 468 páginas | ||
| 440 | |a Derecho Penal y Criminología |9 856641 | ||
| 583 | |a last modification |c 20190520 16:29:00 |k Rodrigo Vera | ||
| 650 | 0 | |a Bien jurídico |9 392951 | |
| 650 | 0 | |a Teoría del derecho |9 255982 | |
| 650 | 7 | |a DERECHO PENAL |2 CL-VaPUC |9 11 | |
| 700 | 0 | |a Hirsch, Andrew von |e author |9 602677 | |
| 700 | 0 | |a Wohlers, Wolfgang |e author |9 602678 | |
| 852 | |a BIBDER | ||
| 942 | |c BK |2 ddc | ||
| 945 | |d 20190520 16:29:00 |a dcastane | ||
| 952 | |0 0 |1 0 |3 erb |4 0 |6 345_001000000000000_HEF_2016 |7 0 |8 A |9 492964 |a BIBDER |b BIBDER |i 5549779 |l 10 |m 1 |o 345.001 HEF 2016 |p 5549779 |r 2024-10-11 |s 2024-10-11 |w 2019-11-24 |y BK |z Catalogado en:20190520 |k DER | ||